How to make Pakistan a rich country / (Record no. 174410)

000 -LEADER
fixed length control field 00559 a2200169 4500
003 - CONTROL NUMBER IDENTIFIER
control field Nust
005 - DATE AND TIME OF LATEST TRANSACTION
control field 20170125162429.0
008 - FIXED-LENGTH DATA ELEMENTS--GENERAL INFORMATION
fixed length control field 170125b xxu||||| |||| 00| 0 eng d
020 ## - INTERNATIONAL STANDARD BOOK NUMBER
International Standard Book Number 9698465006
020 ## - INTERNATIONAL STANDARD BOOK NUMBER
International Standard Book Number 9789698465001
040 ## - CATALOGING SOURCE
Transcribing agency 0
082 ## - DEWEY DECIMAL CLASSIFICATION NUMBER
Classification number 338.9
100 1# - MAIN ENTRY--PERSONAL NAME
Personal name Ahmad, Javed.
245 10 - TITLE STATEMENT
Title How to make Pakistan a rich country /
Statement of responsibility, etc. Javed Ahmad.
260 ## - PUBLICATION, DISTRIBUTION, ETC.
Place of publication, distribution, etc. Islamabad
Name of publisher, distributor, etc. J. Ahmad,
Date of publication, distribution, etc. 1999.
300 ## - PHYSICAL DESCRIPTION
Extent 195 p.
500 ## - GENERAL NOTE
General note Unknown Binding.
856 40 - ELECTRONIC LOCATION AND ACCESS
Materials specified Amazon.com
Uniform Resource Identifier <a href="http://www.amazon.com/exec/obidos/ASIN/9698465006/chopaconline-20">http://www.amazon.com/exec/obidos/ASIN/9698465006/chopaconline-20</a>
856 40 - ELECTRONIC LOCATION AND ACCESS
Materials specified Amazon customer reviews
Uniform Resource Identifier <a href="http://www.chopac.org/cgi-bin/tools/azrev.pl?q=9698465006">http://www.chopac.org/cgi-bin/tools/azrev.pl?q=9698465006</a>
942 ## - ADDED ENTRY ELEMENTS (KOHA)
Koha item type Book
Call number prefix 338.9 JAV
Source of classification or shelving scheme
Holdings
Withdrawn status Lost status Source of classification or shelving scheme Damaged status Not for loan Collection code Permanent Location Current Location Shelving location Date acquired Total Checkouts Total Renewals Full call number Barcode Date last seen Date last checked out Price effective from Koha item type
            Central Library (CL) Central Library (CL) General Stacks 01/25/2017 1 3 338.9 JAV S3H-N-1256 09/24/2019 04/12/2018 01/25/2017 Book
© 2023 Central Library, National University of Sciences and Technology. All Rights Reserved.